Sistemas de información administrativos: la informática aplicada a la administración de organizaciones

Saved in:
Bibliographic Details
Main Author: Barros V., Oscar (Author)
Format: Book
Language:Spanish
Published: Santiago Universitaria 1983
Edition:4a. ed
Subjects:
Tags: Add Tag
No Tags, Be the first to tag this record!

MARC

LEADER 00000nam a2200000 a 4500
001 UCR9454
003 CL-VaPUC
008 980613e19830000CL |||||||||||||||||spa|d
082 0 4 |a 004.2  |b BAR  |2 21 
100 0 |a Barros V., Oscar  |e author  |9 412024 
245 1 0 |a Sistemas de información administrativos: la informática aplicada a la administración de organizaciones 
250 |a 4a. ed 
300 |a 230 p 
942 |c BK 
945 |d 19980613 00:00:00  |a crobeson 
260 |a Santiago  |b Universitaria  |c 1983 
650 0 |a Sistemas de información en administración  |9 260041 
650 0 |a Programación de computadores   |9 259531 
650 0 |a Aplicaciones de computadores  |9 260401 
583 |a last modification  |c 19980613 00:00:00  |k Rodrigo Vera 
999 |c 270648  |d 270646 
952 |0 0  |1 0  |4 0  |6 004_200000000000000_BAR_1983  |7 0  |8 A  |9 305012  |a BIBENE  |b BIBENE  |d 2019-11-20  |i 1413546  |o 004.2 BAR 1983  |p 1413546  |r 2025-01-15  |w 2019-11-20  |y BK  |k ICO 
952 |0 0  |1 0  |4 0  |6 004_200000000000000_BAR_1983  |7 0  |8 A  |9 305013  |a BIBENE  |b BIBENE  |d 2019-11-20  |i 1413554  |o 004.2 BAR 1983  |p 1413554  |r 2025-01-15  |w 2019-11-20  |y BK  |k ICO